Guess the Taylor Swift Song (Speak Now TV) 21 - Statistics

General Stats
  • This quiz has been taken 11 times
  • The average score is 146 of 287
Answer Stats
Answer % Correct
I
100%
a
88%
me
88%
the
88%
an
75%
And
75%
and
75%
in
75%
it
75%
never
75%
Never
75%
this
75%
to
75%
up
75%
was
75%
you
75%
You
75%
be
63%
don't
63%
down
63%
down)
63%
for
63%
my
63%
My
63%
of
63%
on
63%
that
63%
They
63%
they
63%
too
63%
when
63%
all
50%
but
50%
feel
50%
from
50%
had
50%
how
50%
I'm
50%
know
50%
like
50%
Now,
50%
now
50%
(now)
50%
Now
50%
at
38%
castle's
38%
could've
38%
crumbling
38%
have
38%
look
38%
off
38%
Once,
38%
People
38%
saw
38%
Their
38%
them
38%
they're
38%
wanna
38%
words,
38%
apart
25%
couldn't
25%
dynasty
25%
end
25%
face
25%
faith
25%
fallen
25%
Falling
25%
friends
25%
great
25%
hate
25%
head,
25%
held
25%
help,
25%
here
25%
high,
25%
hope
25%
just
25%
(just
25%
kept
25%
let
25%
name
25%
Ones
25%
ran
25%
sit
25%
so
25%
stop
25%
strong,
25%
tore
25%
tried
25%
trusted
25%
used
25%
want
25%
watch
25%
went
25%
will
25%
would
25%
age
13%
alone,
13%
behind
13%
billows
13%
bridges
13%
burn
13%
chant
13%
cheer
13%
Crowds
13%
empire
13%
ended
13%
far
13%
fear
13%
foes
13%
front
13%
gates,
13%
golden
13%
grace
13%
ground
13%
grudge
13%
hang
13%
harbor
13%
loved
13%
monster
13%
palace
13%
Power
13%
promises
13%
pushed
13%
regret
13%
reign
13%
screaming
13%
ships
13%
Smoke
13%
til
13%
walls
13%
wanted
13%
way
13%
No matching quizzes found
Score Distribution
Percent of People with Each Score
Percentile by Number Answered
Your Score History
You have not taken this quiz